| 000 | 00932nam a22002295i 4500 | ||
|---|---|---|---|
| 001 | 161785 | ||
| 003 | ES-MaACL | ||
| 005 | 20260301183524.0 | ||
| 008 | 980108s1881 sp |||| | spa d | ||
| 040 |
_aNA _bspa _cNA |
||
| 100 | 1 |
_aPérez de Guzmán y Gallo, Juan, _d1841-1928 _990777 |
|
| 245 | 1 | 3 |
_aLa jarretera _b: solemne investidura de S.M. Don Alfonso XII de Borbon y Borbon ... verificada en el Real Palacio de Madrid, el dia 11 de octubre de 1881. |
| 250 |
_a2ª ed. _bcon notas y adiciones por Juan Perez de Guzman. |
||
| 260 |
_aMadrid : _b[s.n.], _c1881 ( _fImprenta de Manuel G. Hernandez) |
||
| 300 |
_a123, [4] p. ; _c20 cm. |
||
| 600 | 0 | 4 |
_aAlfonso _bXII, _cRey de España _919874 |
| 650 | 4 |
_aOrden de la Jarretera- _xHistoria. _9136624 |
|
| 700 | 1 | 1 |
_aHernández, Manuel G., _eimp. _9127920 |
| 752 |
_aEspaña - _dMadrid |
||
| 852 |
_aES-MaACL _jG-10249 _z-- Enc. hol. |
||
| 999 |
_c161785 _d161785 |
||